[Event "CRO-chT3 West"]
[Site "Croatia"]
[Date "2020.10.25"]
[Round "9.2"]
[White "Kruljac, Neven"]
[Black "Miljanovic, Zeljko"]
[Result "0-1"]
[WhiteElo "1807"]
[BlackElo "1943"]
[PlyCount "110"]
[EventDate "2020.09.12"]
[EventType "team-tourn"]
[EventRounds "9"]
[EventCountry "CRO"]
[SourceTitle "EXT 2022"]
[Source "ChessBase"]
[SourceDate "2021.10.06"]
[SourceVersion "1"]
[SourceVersionDate "2021.10.06"]
[SourceQuality "1"]
[WhiteTeam "Cres"]
[BlackTeam "Korenica"]
[WhiteTeamCountry "CRO"]
[BlackTeamCountry "CRO"]

1. e4 e6 2. Nf3 d5 3. exd5 exd5 4. d4 Nf6 5. Be2 Bf5 6. 0-0 Bd6 7. Nc3 c6 8. Nh4 Bg6 9. Nxg6 hxg6 10. h3 Qc7 11. Re1 0-0 12. Bg5 Nbd7 13. Bg4 Rfe8 14. Qf3 Qb6 15. Red1 Nxg4 16. hxg4 Nf8 17. Na4 Qc7 18. g3 Ne6 19. Be3 g5 20. Kg2 Qe7 21. Rh1 Qf6 22. Qf5 Qg6 23. Rh5 Qxf5 24. gxf5 g6 25. fxg6 fxg6 26. Rh6 Kg7 27. Rah1 Rh8 28. Rxh8 Rxh8 29. Re1 Kf6 30. Nc5 Bxc5 31. dxc5 d4 32. Bd2 Nxc5 33. c3 Ne6 34. cxd4 Nxd4 35. Rc1 Rd8 36. Bc3 Rd7 37. Rd1 c5 38. b4 b6 39. Bb2 Ke6 40. bxc5 bxc5 41. Rc1 Kd5 42. Rd1 Rb7 43. Bc3 g4 44. Rd3 Kc4 45. Re3 Nf5 46. Re5 Kxc3 47. Rxc5+ Kb2 48. Rc6 Rb6 49. Rc4 Ra6 50. a4 Nh6 51. f3 Nf5 52. Re4 gxf3+ 53. Kxf3 Kb3 54. g4 Rxa4 55. gxf5 Rxe4 0-1